000 00303nam a2200121 a 4500
005 20140414132101.0
008 100719s19uu xx 00 eng d
050 _aER
_bG539 2001
100 _aWaddell, Martin
245 _aGive it to Joe!.
260 _aLondon :
_bWalker books,
_c2001.
999 _c114462
_d114462